[Event "Women's Baku Chess Olympiad"]
[Site "chess24.com"]
[Date "2016.09.10"]
[Round "8"]
[White "Lee Lok Yi"]
[Black "Cruz Lima, Kimberly Esmeralda"]
[Result "0-1"]
[Board "4"]
[WhiteID "6002897"]
[WhiteElo "1497"]
[WhiteCountry "HKG"]
[WhiteFideId "6002897"]
[WhiteEloChange "-4"]
[BlackID "7301480"]
[BlackElo "1763"]
[BlackCountry "GUA"]
[BlackFideId "7301480"]
[BlackEloChange "4"]

1. c4 {[%clk 1:30:59]} e5 {[%clk 1:30:31]} 2. Nc3 {[%clk 1:31:23]} Nf6 {[%clk
1:29:39]} 3. g3 {[%clk 1:31:14]} Bc5 {[%clk 1:23:28]} 4. Bg2 {[%clk 1:30:33]} d6
{[%clk 1:20:59]} 5. d3 {[%clk 1:29:36]} Nc6 {[%clk 1:17:03]} 6. Bg5 {[%clk
1:26:56]} h6 {[%clk 1:16:59]} 7. Bxf6 {[%clk 1:26:33]} Qxf6 {[%clk 1:17:12]} 8.
Nf3 {[%clk 1:15:57]} Be6 {[%clk 1:07:41]} 9. O-O {[%clk 1:13:48]} O-O {[%clk
1:07:48]} 10. Ne4 {[%clk 1:08:29]} Qe7 {[%clk 1:05:54]} 11. Nxc5 {[%clk 1:08:03]}
dxc5 {[%clk 1:06:15]} 12. Nd2 {[%clk 1:04:12]} Bd7 {[%clk 1:02:36]} 13. Ne4
{[%clk 0:56:13]} Rab8 {[%clk 0:57:18]} 14. Qd2 {[%clk 0:53:28]} Rfd8 {[%clk
0:48:33]} 15. Qe3 {[%clk 0:49:13]} Nd4 {[%clk 0:48:06]} 16. Qd2 {[%clk 0:47:50]}
Bc6 {[%clk 0:46:12]} 17. f4 {[%clk 0:42:39]} f5 {[%clk 0:38:27]} 18. Nc3 {[%clk
0:39:52]} Bxg2 {[%clk 0:36:29]} 19. Kxg2 {[%clk 0:39:34]} e4 {[%clk 0:24:34]} 20.
Nd5 {[%clk 0:29:03]} Qf7 {[%clk 0:24:26]} 21. Ne3 {[%clk 0:26:06]} Rd7 {[%clk
0:17:17]} 22. Nc2 {[%clk 0:22:41]} Nxe2 {[%clk 0:16:12]} 23. Qxe2 {[%clk
0:16:28]} exd3 {[%clk 0:16:30]} 24. Qf2 {[%clk 0:15:55]} dxc2 {[%clk 0:16:00]}
25. Qxc2 {[%clk 0:16:15]} Rbd8 {[%clk 0:14:21]} 26. Rf2 {[%clk 0:14:53]} Rd3
{[%clk 0:07:52]} 27. Re1 {[%clk 0:11:51]} Qd7 {[%clk 0:06:56]} 28. Ree2 {[%clk
0:11:40]} b6 {[%clk 0:03:09]} 29. b3 {[%clk 0:11:28]} Kf7 {[%clk 0:02:31]} 30.
Qb2 {[%clk 0:09:18]} Qc6+ {[%clk 0:00:40]} 31. Kh3 {[%clk 0:05:37]} Qf6 {[%clk
0:00:48]} 32. Qc2 {[%clk 0:03:34]} g5 {[%clk 0:00:42]} 33. fxg5 {[%clk 0:02:22]}
hxg5 {[%clk 0:01:06]} 34. Rd2 {[%clk 0:02:10]} g4+ {[%clk 0:00:38]} 35. Kg2
{[%clk 0:02:24]} Rxd2 {[%clk 0:00:51]} 36. Rxd2 {[%clk 0:02:27]} Rxd2+ {[%clk
0:00:37]} 37. Qxd2 {[%clk 0:02:52]} Qe6 {[%clk 0:01:01]} 38. Qd3 {[%clk 0:02:22]}
Qe4+ {[%clk 0:00:37]} 39. Qxe4 {[%clk 0:02:38]} fxe4 {[%clk 0:01:05]} 40. Kf2
{[%clk 0:32:45]} Kf6 {[%clk 0:31:30]} 41. Ke2 {[%clk 0:18:39]} Ke5 {[%clk
0:30:16]} 42. Ke3 {[%clk 0:16:59]} c6 {[%clk 0:30:19]} 43. a3 {[%clk 0:13:21]} b5
{[%clk 0:26:15]} 44. a4 {[%clk 0:12:16]} bxc4 {[%clk 0:24:39]} 45. bxc4 {[%clk
0:12:06]} a5 {[%clk 0:25:06]} 0-1

[Event "Women's Baku Chess Olympiad"]
[Site "chess24.com"]
[Date "2016.09.10"]
[Round "8"]
[White "Milligan, Helen"]
[Black "Francis, Onkemetse"]
[Result "1-0"]
[Board "1"]
[WhiteID "2401312"]
[WhiteElo "2040"]
[WhiteTitle "CM"]
[WhiteCountry "NZL"]
[WhiteFideId "2401312"]
[WhiteEloChange "4"]
[BlackID "11301287"]
[BlackElo "1777"]
[BlackTitle "WIM"]
[BlackCountry "BOT"]
[BlackFideId "11301287"]
[BlackEloChange "-4"]

1. e4 {[%clk 1:30:57]} d5 {[%clk 1:30:50]} 2. exd5 {[%clk 1:31:22]} Qxd5 {[%clk
1:31:16]} 3. Nc3 {[%clk 1:31:47]} Qa5 {[%clk 1:31:33]} 4. d4 {[%clk 1:31:57]} Nf6
{[%clk 1:31:56]} 5. Nf3 {[%clk 1:32:04]} Bg4 {[%clk 1:32:00]} 6. h3 {[%clk
1:32:16]} Bf5 {[%clk 1:31:20]} 7. Bd2 {[%clk 1:26:08]} c6 {[%clk 1:31:45]} 8. Bc4
{[%clk 1:25:58]} e6 {[%clk 1:31:26]} 9. Nd5 {[%clk 1:24:25]} Qd8 {[%clk 1:30:01]}
10. Nxf6+ {[%clk 1:24:41]} Qxf6 {[%clk 1:23:23]} 11. Qe2 {[%clk 1:17:22]} h6
{[%clk 1:20:30]} 12. O-O-O {[%clk 1:14:36]} Nd7 {[%clk 1:17:30]} 13. g4 {[%clk
1:01:55]} Bh7 {[%clk 1:16:02]} 14. Ne5 {[%clk 0:56:46]} Nb6 {[%clk 1:09:19]} 15.
Bb3 {[%clk 0:55:39]} Bd6 {[%clk 1:08:31]} 16. f4 {[%clk 0:50:24]} O-O-O {[%clk
1:07:19]} 17. Nxf7 {[%clk 0:42:11]} Qxd4 {[%clk 0:48:35]} 18. Qxe6+ {[%clk
0:39:18]} Kb8 {[%clk 0:40:49]} 19. Be3 {[%clk 0:31:56]} Qe4 {[%clk 0:23:18]} 20.
Nxd8 {[%clk 0:30:17]} Rxd8 {[%clk 0:22:57]} 21. f5 {[%clk 0:25:35]} Qf3 {[%clk
0:16:00]} 22. Rdf1 {[%clk 0:23:02]} Qg2 {[%clk 0:13:48]} 23. Bxb6 {[%clk
0:20:54]} axb6 {[%clk 0:13:54]} 24. Qe1 {[%clk 0:20:55]} Bg3 {[%clk 0:07:22]} 25.
Qc3 {[%clk 0:19:52]} Bg8 {[%clk 0:02:53]} 26. Bxg8 {[%clk 0:19:13]} Rxg8 {[%clk
0:03:15]} 27. Qf3 {[%clk 0:18:34]} Qxf3 {[%clk 0:02:44]} 28. Rxf3 {[%clk
0:19:00]} Bd6 {[%clk 0:03:03]} 29. h4 {[%clk 0:18:28]} Kc7 {[%clk 0:03:08]} 30.
c3 {[%clk 0:17:25]} Re8 {[%clk 0:03:13]} 31. Kd2 {[%clk 0:16:50]} Re4 {[%clk
0:03:20]} 32. Rg1 {[%clk 0:16:18]} Rf4 {[%clk 0:02:40]} 33. Rxf4 {[%clk 0:15:49]}
Bxf4+ {[%clk 0:03:05]} 34. Kd3 {[%clk 0:16:13]} Kd6 {[%clk 0:03:19]} 35. Ke4
{[%clk 0:16:35]} 1-0

[Event "Women's Baku Chess Olympiad"]
[Site "chess24.com"]
[Date "2016.09.10"]
[Round "8"]
[White "Mbo, Mabedi"]
[Black "Zhang, Jasmine Haomo"]
[Result "0-1"]
[Board "2"]
[WhiteID "11301422"]
[WhiteElo "1531"]
[WhiteCountry "BOT"]
[WhiteFideId "11301422"]
[WhiteEloChange "-5"]
[BlackID "4304632"]
[BlackElo "1721"]
[BlackTitle "WCM"]
[BlackCountry "NZL"]
[BlackFideId "4304632"]
[BlackEloChange "5"]

1. e4 {[%clk 1:30:58]} c5 {[%clk 1:30:55]} 2. Nf3 {[%clk 1:31:25]} d6 {[%clk
1:31:19]} 3. d4 {[%clk 1:31:45]} cxd4 {[%clk 1:31:46]} 4. Nxd4 {[%clk 1:32:08]}
Nf6 {[%clk 1:32:11]} 5. Nc3 {[%clk 1:32:26]} a6 {[%clk 1:32:38]} 6. f3 {[%clk
1:32:38]} e6 {[%clk 1:32:55]} 7. Be3 {[%clk 1:33:03]} Be7 {[%clk 1:33:09]} 8. Qd2
{[%clk 1:33:14]} Qc7 {[%clk 1:33:10]} 9. h4 {[%clk 1:30:16]} b5 {[%clk 1:31:16]}
10. h5 {[%clk 1:29:57]} Bb7 {[%clk 1:30:41]} 11. g4 {[%clk 1:29:55]} Nfd7 {[%clk
1:30:34]} 12. g5 {[%clk 1:30:12]} Ne5 {[%clk 1:27:37]} 13. h6 {[%clk 1:28:56]} g6
{[%clk 1:27:46]} 14. b3 {[%clk 1:26:25]} Nbc6 {[%clk 1:25:22]} 15. Bg2 {[%clk
1:22:40]} Rc8 {[%clk 1:24:07]} 16. f4 {[%clk 1:22:48]} Nd7 {[%clk 1:24:15]} 17.
Rf1 {[%clk 1:15:02]} Nxd4 {[%clk 1:23:59]} 18. Bxd4 {[%clk 1:13:18]} e5 {[%clk
1:24:24]} 19. fxe5 {[%clk 1:10:21]} dxe5 {[%clk 1:24:14]} 20. Qf2 {[%clk
1:09:24]} Rf8 {[%clk 1:23:24]} 21. Nxb5 {[%clk 0:56:19]} axb5 {[%clk 1:23:32]}
22. Bb2 {[%clk 0:54:59]} Qxc2 {[%clk 1:23:04]} 23. Qxc2 {[%clk 0:55:13]} Rxc2
{[%clk 1:23:28]} 24. Rf2 {[%clk 0:55:30]} Rxf2 {[%clk 1:23:25]} 25. Kxf2 {[%clk
0:55:57]} Bxg5 {[%clk 1:23:43]} 26. Bc1 {[%clk 0:56:00]} Bh4+ {[%clk 1:23:55]}
27. Kf3 {[%clk 0:55:50]} f5 {[%clk 1:23:11]} 28. Bh3 {[%clk 0:53:14]} Bxe4+
{[%clk 1:20:58]} 29. Ke2 {[%clk 0:53:36]} Kf7 {[%clk 1:21:13]} 30. Ba3 {[%clk
0:53:44]} Rc8 {[%clk 1:20:39]} 31. Rd1 {[%clk 0:53:42]} Rc2+ {[%clk 1:19:11]} 32.
Kf1 {[%clk 0:53:51]} Ke8 {[%clk 1:18:44]} 33. Rd6 {[%clk 0:49:59]} Rc6 {[%clk
1:18:44]} 34. Rd1 {[%clk 0:48:15]} Bg5 {[%clk 1:18:32]} 35. Bb4 {[%clk 0:47:37]}
Rc1 {[%clk 1:18:37]} 36. Rxc1 {[%clk 0:47:34]} Bxc1 {[%clk 1:19:02]} 37. a4
{[%clk 0:47:47]} bxa4 {[%clk 1:19:08]} 38. bxa4 {[%clk 0:48:10]} Bxh6 {[%clk
1:19:25]} 39. a5 {[%clk 0:48:20]} Be3 {[%clk 1:19:37]} 40. Ke2 {[%clk 1:18:44]}
Ba7 {[%clk 1:49:54]} 41. Bd6 {[%clk 1:19:02]} Bc6 {[%clk 1:50:01]} 42. Bb4 {[%clk
1:18:51]} e4 {[%clk 1:49:14]} 43. Bd2 {[%clk 1:19:15]} Bb5+ {[%clk 1:49:21]} 44.
Ke1 {[%clk 1:19:16]} Nc5 {[%clk 1:49:37]} 45. Kf2 {[%clk 1:19:18]} Nd3+ {[%clk
1:49:41]} 46. Kg3 {[%clk 1:16:32]} e3 {[%clk 1:48:43]} 47. Bc3 {[%clk 1:16:15]}
e2 {[%clk 1:49:03]} 48. Kh4 {[%clk 1:16:19]} e1Q+ {[%clk 1:48:56]} 49. Bxe1
{[%clk 1:16:01]} Nxe1 {[%clk 1:49:24]} 50. Kg5 {[%clk 1:16:11]} Be3+ {[%clk
1:49:29]} 51. Kf6 {[%clk 1:16:36]} f4 {[%clk 1:49:48]} 52. Ke5 {[%clk 1:16:11]}
f3 {[%clk 1:49:53]} 53. Kf6 {[%clk 1:14:56]} f2 {[%clk 1:50:11]} 54. Kg7 {[%clk
1:15:23]} f1Q {[%clk 1:50:21]} 55. Bxf1 {[%clk 1:15:45]} Bxf1 {[%clk 1:50:47]}
0-1

[Event "Women's Baku Chess Olympiad"]
[Site "chess24.com"]
[Date "2016.09.10"]
[Round "8"]
[White "Song, Kate"]
[Black "Francis, Thapelo"]
[Result "1/2-1/2"]
[Board "3"]
[WhiteID "4306392"]
[WhiteElo "1681"]
[WhiteCountry "NZL"]
[WhiteFideId "4306392"]
[WhiteEloChange "1"]
[BlackID "11301317"]
[BlackElo "1700"]
[BlackTitle "WFM"]
[BlackCountry "BOT"]
[BlackFideId "11301317"]
[BlackEloChange "-1"]

1. e4 {[%clk 1:30:57]} e5 {[%clk 1:30:53]} 2. Nf3 {[%clk 1:31:23]} Nc6 {[%clk
1:31:14]} 3. Bb5 {[%clk 1:31:47]} a6 {[%clk 1:31:33]} 4. Ba4 {[%clk 1:32:14]} b5
{[%clk 1:31:45]} 5. Bb3 {[%clk 1:32:41]} Be7 {[%clk 1:31:53]} 6. O-O {[%clk
1:32:58]} d6 {[%clk 1:31:58]} 7. c3 {[%clk 1:32:43]} Nf6 {[%clk 1:31:32]} 8. Re1
{[%clk 1:32:59]} Bg4 {[%clk 1:30:51]} 9. h3 {[%clk 1:33:09]} Bh5 {[%clk 1:31:07]}
10. d3 {[%clk 1:33:19]} O-O {[%clk 1:30:26]} 11. Nbd2 {[%clk 1:33:27]} Na5 {[%clk
1:29:00]} 12. Bc2 {[%clk 1:33:53]} c5 {[%clk 1:29:17]} 13. Nf1 {[%clk 1:34:03]}
Qc7 {[%clk 1:29:19]} 14. Ng3 {[%clk 1:34:24]} Bg6 {[%clk 1:28:51]} 15. d4 {[%clk
1:30:15]} h6 {[%clk 1:27:19]} 16. Nf5 {[%clk 1:26:57]} Bxf5 {[%clk 1:22:28]} 17.
exf5 {[%clk 1:27:21]} exd4 {[%clk 1:21:42]} 18. cxd4 {[%clk 1:27:43]} c4 {[%clk
1:21:25]} 19. Bf4 {[%clk 1:26:31]} Rfe8 {[%clk 1:20:52]} 20. Qd2 {[%clk 1:25:59]}
Bf8 {[%clk 1:20:53]} 21. Rad1 {[%clk 1:19:23]} Rxe1+ {[%clk 1:19:18]} 22. Rxe1
{[%clk 1:19:39]} Rd8 {[%clk 1:16:19]} 23. Nh2 {[%clk 1:18:29]} Nc6 {[%clk
1:15:39]} 24. Ng4 {[%clk 1:18:17]} Nxg4 {[%clk 1:07:37]} 25. hxg4 {[%clk
1:18:40]} Qa5 {[%clk 1:01:53]} 26. Qxa5 {[%clk 1:14:54]} Nxa5 {[%clk 1:00:16]}
27. d5 {[%clk 1:15:19]} Nb7 {[%clk 1:00:18]} 28. Re3 {[%clk 1:14:31]} Nc5 {[%clk
0:57:42]} 29. g5 {[%clk 1:14:08]} hxg5 {[%clk 0:56:40]} 30. Bxg5 {[%clk 1:14:33]}
f6 {[%clk 0:56:34]} 31. Bh4 {[%clk 1:14:38]} Rd7 {[%clk 0:54:04]} 32. Bg3 {[%clk
1:12:55]} Re7 {[%clk 0:51:30]} 33. Kf1 {[%clk 1:12:32]} Rxe3 {[%clk 0:45:10]} 34.
fxe3 {[%clk 1:12:55]} b4 {[%clk 0:45:15]} 35. b3 {[%clk 1:12:37]} cxb3 {[%clk
0:44:39]} 36. axb3 {[%clk 1:13:01]} a5 {[%clk 0:44:47]} 37. Ke2 {[%clk 1:13:17]}
a4 {[%clk 0:43:38]} 38. bxa4 {[%clk 1:13:29]} b3 {[%clk 0:43:57]} 39. Bb1 {[%clk
1:13:28]} Nxa4 {[%clk 0:44:16]} 40. Kd3 {[%clk 1:43:33]} Kf7 {[%clk 1:13:53]} 41.
e4 {[%clk 1:42:58]} Nb2+ {[%clk 1:09:22]} 42. Kc3 {[%clk 1:43:15]} Nd1+ {[%clk
1:09:34]} 43. Kd2 {[%clk 1:43:05]} Nb2 {[%clk 1:09:47]} 44. Bf4 {[%clk 1:42:52]}
Na4 {[%clk 1:09:31]} 45. Kd3 {[%clk 1:41:14]} g6 {[%clk 1:08:43]} 46. g4 {[%clk
1:40:07]} g5 {[%clk 1:08:42]} 47. Bh2 {[%clk 1:40:03]} Ke7 {[%clk 1:08:28]} 48.
Bg1 {[%clk 1:40:08]} Kd7 {[%clk 1:08:14]} 49. Kc4 {[%clk 1:40:31]} Nc5 {[%clk
1:08:02]} 50. Bd4 {[%clk 1:40:20]} Be7 {[%clk 1:08:06]} 51. Bd3 {[%clk 1:32:04]}
Kc7 {[%clk 1:07:49]} 1/2-1/2

[Event "Women's Baku Chess Olympiad"]
[Site "chess24.com"]
[Date "2016.09.10"]
[Round "8"]
[White "Montilla Reyes, Jorcerys"]
[Black "Atikankhotchasee, Manunthon"]
[Result "1-0"]
[Board "1"]
[WhiteID "3900517"]
[WhiteElo "2194"]
[WhiteTitle "WIM"]
[WhiteCountry "VEN"]
[WhiteFideId "3900517"]
[WhiteEloChange "2"]
[BlackID "6203191"]
[BlackElo "1696"]
[BlackCountry "THA"]
[BlackFideId "6203191"]
[BlackEloChange "-2"]

1. d4 {[%clk 1:30:57]} Nf6 {[%clk 1:30:51]} 2. c4 {[%clk 1:31:21]} e6 {[%clk
1:31:15]} 3. Nf3 {[%clk 1:31:17]} Bb4+ {[%clk 1:28:37]} 4. Bd2 {[%clk 1:31:38]}
Qe7 {[%clk 1:28:49]} 5. a3 {[%clk 1:32:00]} Bxd2+ {[%clk 1:29:11]} 6. Qxd2 {[%clk
1:32:23]} d6 {[%clk 1:29:20]} 7. Nc3 {[%clk 1:32:47]} Nbd7 {[%clk 1:28:25]} 8. e4
{[%clk 1:31:47]} e5 {[%clk 1:28:41]} 9. d5 {[%clk 1:32:03]} a5 {[%clk 1:28:53]}
10. Qc2 {[%clk 1:29:24]} Nc5 {[%clk 1:28:35]} 11. Be2 {[%clk 1:27:33]} Bd7 {[%clk
1:28:02]} 12. b3 {[%clk 1:26:54]} O-O {[%clk 1:27:01]} 13. O-O {[%clk 1:27:19]}
Rfb8 {[%clk 1:21:07]} 14. Rfd1 {[%clk 1:19:07]} a4 {[%clk 1:13:16]} 15. b4 {[%clk
1:19:28]} Nb3 {[%clk 1:13:11]} 16. Rab1 {[%clk 1:19:49]} Bg4 {[%clk 1:07:37]} 17.
Nb5 {[%clk 1:18:33]} Rd8 {[%clk 1:04:42]} 18. Qd3 {[%clk 1:16:42]} c6 {[%clk
1:00:34]} 19. Nc3 {[%clk 1:06:19]} Bxf3 {[%clk 0:57:41]} 20. Bxf3 {[%clk
1:06:44]} Nd4 {[%clk 0:57:51]} 21. dxc6 {[%clk 1:06:58]} bxc6 {[%clk 0:57:51]}
22. Rd2 {[%clk 1:06:42]} Ne8 {[%clk 0:53:43]} 23. Bd1 {[%clk 1:07:02]} Nc7 {[%clk
0:52:33]} 24. Nxa4 {[%clk 1:05:17]} Nce6 {[%clk 0:52:33]} 25. g3 {[%clk 1:01:52]}
Qg5 {[%clk 0:47:34]} 26. Ra2 {[%clk 1:01:34]} h5 {[%clk 0:46:55]} 27. Qe3 {[%clk
1:01:06]} Qg6 {[%clk 0:46:18]} 28. Nc3 {[%clk 1:00:44]} h4 {[%clk 0:44:08]} 29.
a4 {[%clk 1:00:08]} hxg3 {[%clk 0:44:09]} 30. hxg3 {[%clk 1:00:22]} f6 {[%clk
0:41:12]} 31. Ne2 {[%clk 0:58:13]} Kf7 {[%clk 0:40:51]} 32. Nxd4 {[%clk 0:58:02]}
Nxd4 {[%clk 0:40:09]} 33. Bf3 {[%clk 0:55:52]} Rh8 {[%clk 0:40:24]} 34. Bg2
{[%clk 0:55:26]} Qh5 {[%clk 0:39:08]} 35. f3 {[%clk 0:55:14]} Rhb8 {[%clk
0:36:19]} 36. b5 {[%clk 0:52:22]} cxb5 {[%clk 0:36:35]} 37. cxb5 {[%clk 0:52:46]}
Rxb5 {[%clk 0:35:35]} 38. Rxb5 {[%clk 0:53:04]} Nxb5 {[%clk 0:35:35]} 39. axb5
{[%clk 0:53:13]} Rb8 {[%clk 0:34:24]} 40. b6 {[%clk 1:23:35]} Kg8 {[%clk
1:04:46]} 41. Qb3+ {[%clk 1:23:49]} Kh8 {[%clk 1:04:33]} 42. b7 {[%clk 1:24:13]}
Qe8 {[%clk 1:04:48]} 43. Bh3 {[%clk 1:24:34]} Qc6 {[%clk 1:04:35]} 44. Be6 {[%clk
1:23:15]} Rxb7 {[%clk 1:04:17]} 45. Rh2# {[%clk 1:23:36]} 1-0

[Event "Women's Baku Chess Olympiad"]
[Site "chess24.com"]
[Date "2016.09.10"]
[Round "8"]
[White "Taweesupmun, Chanida"]
[Black "Varela La Madrid, Tilsia Carolina"]
[Result "0-1"]
[Board "2"]
[WhiteID "6200117"]
[WhiteElo "1773"]
[WhiteTitle "WCM"]
[WhiteCountry "THA"]
[WhiteFideId "6200117"]
[WhiteEloChange "-4"]
[BlackID "3903001"]
[BlackElo "2035"]
[BlackTitle "WIM"]
[BlackCountry "VEN"]
[BlackFideId "3903001"]
[BlackEloChange "4"]

1. d4 {[%clk 1:30:55]} d5 {[%clk 1:30:51]} 2. c4 {[%clk 1:31:03]} c6 {[%clk
1:31:10]} 3. Nf3 {[%clk 1:31:26]} Nf6 {[%clk 1:31:28]} 4. e3 {[%clk 1:31:43]} Bf5
{[%clk 1:31:39]} 5. Nc3 {[%clk 1:31:51]} e6 {[%clk 1:32:02]} 6. a3 {[%clk
1:31:53]} Nbd7 {[%clk 1:32:11]} 7. Bd3 {[%clk 1:31:22]} Bg6 {[%clk 1:32:32]} 8.
Nh4 {[%clk 1:25:27]} Bd6 {[%clk 1:29:46]} 9. Nxg6 {[%clk 1:25:43]} hxg6 {[%clk
1:30:07]} 10. h3 {[%clk 1:26:05]} O-O {[%clk 1:29:21]} 11. cxd5 {[%clk 1:11:04]}
exd5 {[%clk 1:29:39]} 12. O-O {[%clk 1:11:25]} Qe7 {[%clk 1:29:24]} 13. Re1
{[%clk 1:09:57]} Ne4 {[%clk 1:29:14]} 14. Nxe4 {[%clk 1:06:48]} dxe4 {[%clk
1:29:30]} 15. Bf1 {[%clk 1:03:50]} Nf6 {[%clk 1:29:45]} 16. b4 {[%clk 1:01:23]}
Bc7 {[%clk 1:28:24]} 17. Qc2 {[%clk 1:00:31]} g5 {[%clk 1:27:48]} 18. Qc5 {[%clk
0:59:41]} Qxc5 {[%clk 1:26:54]} 19. bxc5 {[%clk 1:00:00]} g4 {[%clk 1:25:39]} 20.
hxg4 {[%clk 0:58:17]} Nxg4 {[%clk 1:26:03]} 21. Be2 {[%clk 0:57:25]} Nf6 {[%clk
1:26:24]} 22. Bd2 {[%clk 0:54:36]} g6 {[%clk 1:26:01]} 23. g3 {[%clk 0:54:21]}
Kg7 {[%clk 1:26:08]} 24. Kg2 {[%clk 0:54:45]} Nd5 {[%clk 1:25:18]} 25. Rh1 {[%clk
0:51:34]} Rh8 {[%clk 1:24:40]} 26. Rxh8 {[%clk 0:51:21]} Rxh8 {[%clk 1:25:00]}
27. Rb1 {[%clk 0:51:41]} Rb8 {[%clk 1:23:08]} 28. Bc4 {[%clk 0:50:11]} b6 {[%clk
1:17:17]} 29. Bxd5 {[%clk 0:49:32]} cxd5 {[%clk 1:17:41]} 30. cxb6 {[%clk
0:48:58]} Rxb6 {[%clk 1:17:38]} 31. Rxb6 {[%clk 0:49:01]} axb6 {[%clk 1:17:56]}
32. Bb4 {[%clk 0:47:40]} f5 {[%clk 1:18:00]} 33. f4 {[%clk 0:47:48]} exf3+ {[%clk
1:16:38]} 34. Kxf3 {[%clk 0:48:08]} Kf6 {[%clk 1:16:25]} 35. g4 {[%clk 0:47:42]}
Bd8 {[%clk 1:16:22]} 36. gxf5 {[%clk 0:47:51]} Kxf5 {[%clk 1:16:40]} 37. Bd6
{[%clk 0:46:26]} b5 {[%clk 1:16:29]} 38. Bb4 {[%clk 0:40:08]} Bc7 {[%clk
1:15:55]} 39. Bc5 {[%clk 0:32:57]} g5 {[%clk 1:16:15]} 40. Be7 {[%clk 1:01:45]}
g4+ {[%clk 1:46:28]} 41. Kg2 {[%clk 1:00:53]} Ke4 {[%clk 1:46:41]} 42. Bf6 {[%clk
0:57:12]} Bd6 {[%clk 1:46:27]} 0-1

[Event "Women's Baku Chess Olympiad"]
[Site "chess24.com"]
[Date "2016.09.10"]
[Round "8"]
[White "Ubaldo Suarez, Maria Gisela"]
[Black "Vongvastana, Chananchida"]
[Result "1-0"]
[Board "3"]
[WhiteID "3900630"]
[WhiteElo "2062"]
[WhiteTitle "WIM"]
[WhiteCountry "VEN"]
[WhiteFideId "3900630"]
[WhiteEloChange "2"]
[BlackID "6202179"]
[BlackElo "1594"]
[BlackCountry "THA"]
[BlackFideId "6202179"]
[BlackEloChange "-2"]

1. d4 {[%clk 1:30:52]} Nf6 {[%clk 1:30:54]} 2. c4 {[%clk 1:31:00]} g6 {[%clk
1:31:13]} 3. Nc3 {[%clk 1:31:16]} d5 {[%clk 1:31:35]} 4. Nf3 {[%clk 1:28:23]} Bg7
{[%clk 1:28:22]} 5. Bf4 {[%clk 1:27:21]} O-O {[%clk 1:28:40]} 6. e3 {[%clk
1:27:48]} c5 {[%clk 1:28:53]} 7. Rc1 {[%clk 1:25:40]} Qa5 {[%clk 1:10:12]} 8. Qb3
{[%clk 1:21:46]} cxd4 {[%clk 1:07:02]} 9. exd4 {[%clk 1:21:45]} dxc4 {[%clk
0:51:19]} 10. Bxc4 {[%clk 1:21:14]} Nc6 {[%clk 0:48:55]} 11. d5 {[%clk 1:15:57]}
Nb8 {[%clk 0:42:43]} 12. O-O {[%clk 1:16:00]} Qd8 {[%clk 0:42:21]} 13. Rfe1
{[%clk 1:12:38]} Nbd7 {[%clk 0:32:01]} 14. Nb5 {[%clk 1:09:36]} Ne8 {[%clk
0:26:52]} 15. d6 {[%clk 0:54:16]} e6 {[%clk 0:21:50]} 16. Nc7 {[%clk 0:48:52]}
Rb8 {[%clk 0:18:52]} 17. Bxe6 {[%clk 0:39:56]} Qf6 {[%clk 0:10:54]} 18. Bg5
{[%clk 0:34:37]} Qxb2 {[%clk 0:10:09]} 19. Bxf7+ {[%clk 0:28:33]} Rxf7 {[%clk
0:08:35]} 20. Rxe8+ {[%clk 0:28:52]} Nf8 {[%clk 0:08:30]} 21. Qxb2 {[%clk
0:25:50]} Bxb2 {[%clk 0:08:50]} 22. Rd1 {[%clk 0:26:09]} Kg7 {[%clk 0:07:59]} 23.
Be7 {[%clk 0:23:45]} Nd7 {[%clk 0:06:42]} 24. Ne6+ {[%clk 0:21:42]} Kh6 {[%clk
0:06:17]} 25. Bg5+ {[%clk 0:20:18]} Kh5 {[%clk 0:06:29]} 26. h3 {[%clk 0:19:49]}
Nf6 {[%clk 0:04:37]} 27. Nf4# {[%clk 0:20:04]} 1-0

[Event "Women's Baku Chess Olympiad"]
[Site "chess24.com"]
[Date "2016.09.10"]
[Round "8"]
[White "Phitchayarom, Ruja"]
[Black "Patino Garcia, Corals"]
[Result "0-1"]
[Board "4"]
[WhiteID "6201911"]
[WhiteElo "1584"]
[WhiteTitle "WCM"]
[WhiteCountry "THA"]
[WhiteFideId "6201911"]
[WhiteEloChange "-2"]
[BlackID "3902781"]
[BlackElo "1994"]
[BlackTitle "WCM"]
[BlackCountry "VEN"]
[BlackFideId "3902781"]
[BlackEloChange "2"]

1. d4 {[%clk 1:30:47]} d5 {[%clk 1:30:56]} 2. c4 {[%clk 1:31:06]} c6 {[%clk
1:31:23]} 3. Nf3 {[%clk 1:31:16]} Nf6 {[%clk 1:31:49]} 4. Nc3 {[%clk 1:31:15]} a6
{[%clk 1:32:12]} 5. a4 {[%clk 1:31:02]} e6 {[%clk 1:30:06]} 6. Bg5 {[%clk
1:30:43]} h6 {[%clk 1:28:37]} 7. Bh4 {[%clk 1:30:41]} Nbd7 {[%clk 1:26:22]} 8. e3
{[%clk 1:30:11]} Bb4 {[%clk 1:26:47]} 9. Nd2 {[%clk 1:24:47]} Qa5 {[%clk
1:22:01]} 10. Qc2 {[%clk 1:23:34]} O-O {[%clk 1:15:20]} 11. Be2 {[%clk 1:14:13]}
c5 {[%clk 1:10:20]} 12. O-O {[%clk 1:13:21]} cxd4 {[%clk 0:57:34]} 13. exd4
{[%clk 1:12:37]} Be7 {[%clk 0:55:53]} 14. cxd5 {[%clk 1:10:36]} Nxd5 {[%clk
0:52:47]} 15. Bg3 {[%clk 1:07:08]} N7f6 {[%clk 0:51:48]} 16. Nb3 {[%clk 1:05:53]}
Qb4 {[%clk 0:47:39]} 17. Nxd5 {[%clk 1:01:36]} Nxd5 {[%clk 0:47:46]} 18. Qc4
{[%clk 0:59:34]} Bd7 {[%clk 0:42:32]} 19. Qxb4 {[%clk 0:58:23]} Nxb4 {[%clk
0:41:22]} 20. Rfc1 {[%clk 0:58:29]} Bc6 {[%clk 0:38:29]} 21. a5 {[%clk 0:55:21]}
Nd5 {[%clk 0:35:51]} 22. Nc5 {[%clk 0:53:59]} Rfc8 {[%clk 0:33:11]} 23. Bf3
{[%clk 0:51:10]} Bg5 {[%clk 0:27:55]} 24. Rd1 {[%clk 0:50:24]} Rd8 {[%clk
0:27:03]} 25. Bxd5 {[%clk 0:44:34]} Rxd5 {[%clk 0:26:58]} 26. Ne4 {[%clk
0:44:34]} Be7 {[%clk 0:26:07]} 27. Nc3 {[%clk 0:43:49]} Rd7 {[%clk 0:26:32]} 28.
Na4 {[%clk 0:42:44]} Rad8 {[%clk 0:23:47]} 29. Be5 {[%clk 0:39:29]} f6 {[%clk
0:20:29]} 30. Nb6 {[%clk 0:35:17]} fxe5 {[%clk 0:20:54]} 31. Nxd7 {[%clk
0:35:36]} Rxd7 {[%clk 0:21:01]} 32. dxe5 {[%clk 0:35:56]} Rxd1+ {[%clk 0:20:25]}
33. Rxd1 {[%clk 0:36:14]} Bb4 {[%clk 0:20:51]} 34. Ra1 {[%clk 0:35:09]} Kf7
{[%clk 0:20:40]} 35. f4 {[%clk 0:33:11]} Bc5+ {[%clk 0:20:29]} 36. Kf1 {[%clk
0:33:00]} Bd4 {[%clk 0:19:01]} 37. Rb1 {[%clk 0:31:49]} Be4 {[%clk 0:18:34]} 38.
Rd1 {[%clk 0:31:54]} Bxb2 {[%clk 0:18:29]} 39. Rd7+ {[%clk 0:31:43]} Kg6 {[%clk
0:18:35]} 40. Re7 {[%clk 1:01:34]} Bd5 {[%clk 0:48:47]} 41. Rd7 {[%clk 0:56:13]}
Ba3 {[%clk 0:48:16]} 42. g4 {[%clk 0:54:50]} Bc6 {[%clk 0:45:48]} 43. Rd4 {[%clk
0:54:00]} Bc5 {[%clk 0:46:07]} 44. Rd1 {[%clk 0:51:59]} Bb4 {[%clk 0:46:29]} 45.
Ra1 {[%clk 0:51:42]} Bd2 {[%clk 0:46:45]} 46. f5+ {[%clk 0:49:24]} exf5 {[%clk
0:47:06]} 47. Ke2 {[%clk 0:44:13]} Bc3 {[%clk 0:44:42]} 48. gxf5+ {[%clk
0:43:56]} Kxf5 {[%clk 0:45:01]} 49. Rf1+ {[%clk 0:42:39]} Kxe5 {[%clk 0:45:25]}
50. Rg1 {[%clk 0:42:30]} g5 {[%clk 0:45:33]} 51. Rg3 {[%clk 0:42:11]} Bxa5 {[%clk
0:45:31]} 52. Re3+ {[%clk 0:42:29]} Kf5 {[%clk 0:45:48]} 53. Re7 {[%clk 0:42:39]}
h5 {[%clk 0:45:51]} 54. Rf7+ {[%clk 0:42:48]} Kg6 {[%clk 0:46:14]} 55. Re7 {[%clk
0:42:44]} Bd8 {[%clk 0:46:18]} 56. Re6+ {[%clk 0:42:55]} Kf5 {[%clk 0:46:42]} 57.
Re3 {[%clk 0:42:35]} a5 {[%clk 0:47:01]} 58. Rg3 {[%clk 0:42:41]} Bc7 {[%clk
0:47:17]} 59. Ra3 {[%clk 0:42:50]} a4 {[%clk 0:47:36]} 60. h3 {[%clk 0:42:55]}
Bd6 {[%clk 0:47:59]} 61. Ra2 {[%clk 0:42:30]} a3 {[%clk 0:48:20]} 62. Rd2 {[%clk
0:42:46]} Bb4 {[%clk 0:48:11]} 0-1